Подробности
| 000 -МАРКЕР |
| контрольное поле |
02687nam0a2200445 4500 |
| 001 - ИДЕНТИФИКАТОР ЗАПИСИ |
| контрольное поле |
RU\NLR\BIBL_A\021988510 |
| 005 - ИДЕНТИФИКАТОР ВЕРСИИ |
| контрольное поле |
20231212172834.0 |
| 010 ## - МЕЖДУНАРОДНЫЙ СТАНДАРТНЫЙ НОМЕР КНИГИ (ISBN) |
| Номер (ISBN) |
978-5-00170-789-9 |
| Тираж |
300 |
| 021 ## - НОМЕР ГОСУДАРСТВЕННОЙ РЕГИСТРАЦИИ |
| Код страны |
Российская Федерация |
| Номер |
АЛ-П-23-00447и |
| Номер Листа государственной регистраци |
АЛ-П-23-0096 |
| 035 ## - ДРУГИЕ СИСТЕМНЫЕ НОМЕРА |
| Идентификатор записи |
(NLR Aleph) 021988510 |
| 035 ## - ДРУГИЕ СИСТЕМНЫЕ НОМЕРА |
| Идентификатор записи |
(RuMoRGB)011808850 |
| 100 ## - ДАННЫЕ ОБЩЕЙ ОБРАБОТКИ |
| Данные общей обработки |
20230726d2023 u y0rusy50 ca |
| 101 0# - ЯЗЫК РЕСУРСА |
| Язык текста, звукозаписи и т.д. |
русский |
| -- |
английский |
| Язык резюме |
английский |
| 102 ## - СТРАНА ПУБЛИКАЦИИ ИЛИ ПРОИЗВОДСТВА |
| Страна публикации |
Российская Федерация |
| 105 ## - ПОЛЕ КОДИРОВАННЫХ ДАННЫХ: ТЕКСТОВЫЕ МАТЕРИАЛЫ, МОНОГРАФИЧЕСКИЕ |
| Кодированные данные о монографическом текстовом документе |
а|||z|||000zy |
| 181 #0 - ПОЛЕ КОДИРОВАННЫХ ДАННЫХ: ВИД СОДЕРЖАНИЯ |
| Код вида содержания (ISBD) |
b3 |
| Код характеристики содержания (ISBD) |
xb2e |
| 181 #0 - ПОЛЕ КОДИРОВАННЫХ ДАННЫХ: ВИД СОДЕРЖАНИЯ |
| Код вида содержания (ISBD) |
i1 |
| Код характеристики содержания (ISBD) |
axxe |
| 182 #0 - ПОЛЕ КОДИРОВАННЫХ ДАННЫХ: ТИП СРЕДСТВА |
| Код типа средства (ISBD) |
n - непосредственное |
| 200 1# - ЗАГЛАВИЕ И СВЕДЕНИЯ ОБ ОТВЕТСТВЕННОСТИ |
| Основное заглавие |
Алмазы-PA |
| Сведения, относящиеся к заглавию |
ракушки. Разнообразие. Развитие |
| -- |
цикл художественных работ "Ракушки: капризы, причуды, открытия. Крым - Кавказ - Великий Новгород - 2023" |
| -- |
литературно-художественный альбом |
| Первые сведения об ответственности |
Людмила Максимчук |
| 203 ## - ВИД СОДЕРЖАНИЯ И ТИП СРЕДСТВА |
| Вид содержания |
Изображение |
| -- |
Текст |
| Дополнительные сведения об издании |
визуальные |
| Тип средства |
непосредственные |
| 210 ## - ПУБЛИКАЦИЯ, РАСПРОСТРАНЕНИЕ И ДР. |
| Место издания, распространения и т.д. |
Москва |
| Имя издателя, распространителя и т. д. |
У Никитских ворот |
| Дата издания, распространения и т.д. |
2023 |
| 215 ## - ФИЗИЧЕСКАЯ ХАРАКТЕРИСТИКА |
| Специфическое обозначение материала и объем |
47 с. |
| Другие сведения о физической характеристике |
цв. ил. |
| Размеры |
27 |
| 300 ## - ОБЩИЕ ПРИМЕЧАНИЯ |
| Текст примечания |
На тит. с. загл. также на лат. яз.: Adamas-RA |
| 300 ## - ОБЩИЕ ПРИМЕЧАНИЯ |
| Текст примечания |
Авт. также на англ. яз.: Ludmila Maksimchuk |
| 300 ## - ОБЩИЕ ПРИМЕЧАНИЯ |
| Текст примечания |
На обороте тит. с. авт.: Л. В. Максимчук, писательница, худож., драматург |
| 300 ## - ОБЩИЕ ПРИМЕЧАНИЯ |
| Текст примечания |
Часть текста англ. |
| 330 ## - РЕЗЮМЕ ИЛИ РЕФЕРАТ |
| Текст примечания |
В основу представленных в этом альбоме художественных работ легли изображения на ракушках и рапанах, их осколках, сами ракушки и рапаны, испещрённые рисунками, выполненными самой природой. В них автор увидел своеобразные сюжеты, затем продолжил тему в своих картинах, используя оригинальную технику |
| 517 1# - ДРУГИЕ ВАРИАНТЫ ЗАГЛАВИЯ |
| Связь между полями |
z92790 |
| Вариант заглавия |
Adamas-RA |
| Язык заглавия |
латинский |
| 600 #1 - ИМЯ ЛИЦА КАК ПРЕДМЕТ |
| Начальный элемент ввода |
Максимчук |
| Часть имени, кроме начального элемента ввода |
Л. В. |
| Расширение инициалов личного имени |
Людмила Викторовна |
| Даты |
1948 |
| Формальный подзаголовок |
Альбомы |
| Код системы |
nlr_sh2 |
| Идентификатор авторитетной/нормативной записи |
RU\NLR\AUTH\6601568919 |
| 675 ## - УНИВЕРСАЛЬНАЯ ДЕСЯТИЧНАЯ КЛАССИФИКАЦИЯ (UDC/УДК) |
| Индекс |
77 |
| Издание |
4 |
| 686 1# - ИНДЕКСЫ ДРУГИХ КЛАССИФИКАЦИЙ |
| Индекс |
Щ153(2Р=Рус)7-8Максимчук я61 |
| 686 2# - ИНДЕКСЫ ДРУГИХ КЛАССИФИКАЦИЙ |
| Индекс |
Ш6(2=Р)8-5 |
| 700 #1 - ИМЯ ЛИЦА - ПЕРВИЧНАЯ ОТВЕТСТВЕННОСТЬ |
| Начальный элемент ввода |
Максимчук |
| Часть имени, кроме начального элемента ввода |
Л. В. |
| Даты |
1948- |
| Расширение инициалов личного имени |
Людмила Викторовна |
| Идентификатор авторитетной/нормативной записи |
RU\NLR\AUTH\7782409 |
| 790 #1 - ИМЯ ЛИЦА - АЛЬТЕРНАТИВНАЯ ФОРМА |
| Связь между полями |
z92517 |
| Начальный элемент ввода |
Maksimčuk |
| Часть имени, кроме начального элемента ввода |
L. V. |
| Даты |
1948- |
| Расширение инициалов личного имени |
Ljudmila Viktorovna |
| Идентификатор авторитетной/нормативной записи |
RU\NLR\AUTH\7782410 |
| 942 ## - ДОПОЛНИТЕЛЬНЫЕ ЭЛЕМЕНТЫ ЗАПИСИ (АБИС) |
| Тип экземпляра АБИС |
Книга |
| 980 ## - КОЛЛЕКЦИЯ |
| Название коллекции |
Национальная библиография |